| Tag |
First Indicator |
Second Indicator |
Subfields |
| LEADER |
00000pam a22000004a 4500 |
| 001 |
in00003407521 |
| 006 |
m o d |
| 007 |
cr |||||||nn|n |
| 008 |
021003s2003 pau o d eng d |
| 005 |
20260608204809.4 |
| 010 |
|
|
|z 2002075057
|
| 020 |
|
|
|a 9780812208238
|
| 020 |
|
|
|z 0812237048 (cloth : alk. paper)
|
| 020 |
|
|
|z 9780812237047
|
| 035 |
|
|
|a (MdBmJHUP)muse9780812208238
|
| 040 |
|
|
|a MdBmJHUP
|c MdBmJHUP
|d UtOrBLW
|
| 050 |
0 |
0 |
|a HQ767.87
|b .B49 2003
|
| 082 |
0 |
0 |
|a 305.23/09
|2 21
|
| 245 |
0 |
0 |
|a Beyond the century of the child :
|b cultural history and developmental psychology /
|c edited by Willem Koops and Michael Zuckerman.
|
| 264 |
|
1 |
|a Philadelphia :
|b University of Pennsylvania Press,
|c [2003]
|
| 264 |
|
4 |
|c ©2003
|
| 300 |
|
|
|a 1 online resource (xi, 289 pages :) :
|b illustrations
|
| 336 |
|
|
|a text
|b txt
|2 rdacontent
|
| 337 |
|
|
|a computer
|b c
|2 rdamedia
|
| 338 |
|
|
|a online resource
|b cr
|2 rdacarrier
|
| 504 |
|
|
|a Includes bibliographical references (pages [249]-274) and index.
|
| 588 |
|
|
|a Description based on print version record.
|
| 500 |
|
|
|a Electronic resource.
|
| 650 |
|
0 |
|a Developmental psychology.
|
| 650 |
|
0 |
|a Child development
|x History.
|
| 650 |
|
0 |
|a Children
|x History.
|
| 655 |
|
7 |
|a Electronic books.
|2 local
|
| 700 |
1 |
|
|a Zuckerman, Michael,
|d 1939-
|
| 700 |
1 |
|
|a Koops, W.
|q (Willem)
|
| 856 |
4 |
0 |
|u http://proxy.library.tamu.edu/login?url=https://muse.jhu.edu/books/9780812208238/
|z Connect to the full text of this electronic book
|t 0
|
| 999 |
|
|
|a MARS
|
| 999 |
f |
f |
|s 42ae82ca-c43b-3248-87de-f5fb020fa15f
|i 0c977681-7ed5-3d71-a70a-de9768c54bcc
|t 0
|
| 952 |
f |
f |
|a Texas A&M University
|b College Station
|c Electronic Resources
|s www_evans
|d Available Online
|t 0
|e HQ767.87 .B49 2003
|h Library of Congress classification
|
| 998 |
f |
f |
|a HQ767.87 .B49 2003
|t 0
|l Available Online
|